مكتبة جامعة عجلون الوطنية

فهرس بحث المكتبة

الببليوغرافيا الوطنية الأردنية: السجل السنوي للنتاج الفكري في المملكة الأردنية الهاشمية لعام 2013 = The jordanian National Bibliography : The Annual Regisited Of Jordanian Books Legally Deposited Of the National Library in 2013 (Record no. 26336)

MARC details
000 -LEADER
fixed length control field 01113nam a2200205Ii 4500
003 - CONTROL NUMBER IDENTIFIER
control field JO-AjNU
008 - FIXED-LENGTH DATA ELEMENTS--GENERAL INFORMATION
fixed length control field 230605s9999||||xx |||||||||||||| ||und||
017 ## - COPYRIGHT OR LEGAL DEPOSIT NUMBER
Copyright or legal deposit number 42125
040 ## - CATALOGING SOURCE
Original cataloging agency JO-AjNU
Language of cataloging ara
Description conventions rda
Transcribing agency JO-AjNU
041 ## - LANGUAGE CODE
Language code of text/sound track or separate title ara
050 14 - LIBRARY OF CONGRESS CALL NUMBER
Classification number Z3471.J67 2015
100 3# - MAIN ENTRY--PERSONAL NAME
Personal name عمان، دائرة المكتبة الوطنية,
Relator term author
9 (RLIN) 51524
245 00 - TITLE STATEMENT
Title الببليوغرافيا الوطنية الأردنية: السجل السنوي للنتاج الفكري في المملكة الأردنية الهاشمية لعام 2013 = The jordanian National Bibliography : The Annual Regisited Of Jordanian Books Legally Deposited Of the National Library in 2013
264 31 - PRODUCTION, PUBLICATION, DISTRIBUTION, MANUFACTURE, AND COPYRIGHT NOTICE
Place of production, publication, distribution, manufacture عمان: دائرة المكتبة الاردنية، 2015
300 ## - PHYSICAL DESCRIPTION
Extent 355ص باللغة العربية،38ص باللغة الانجليزية
Other physical details بشتمل على كشافات للمؤلفين والعناوين والموضوعات
336 ## - CONTENT TYPE
Content type term text
Content type code txt
Source rdacontent
337 ## - MEDIA TYPE
Media type term unmediated
Media type code n
Source rdamedia
338 ## - CARRIER TYPE
Carrier type term volume
Carrier type code nc
Source rdacarrier
650 #4 - SUBJECT ADDED ENTRY--TOPICAL TERM
Topical term or geographic name entry element الببليوغرافيا الاردنية لعام 2013
9 (RLIN) 51525
Holdings
Withdrawn status Lost status Source of classification or shelving scheme Damaged status Not for loan Home library Current library Shelving location Date acquired Total Checkouts Full call number Barcode Date last seen Price effective from Koha item type
    Library of Congress Classification     مكتبة جامعة عجلون الوطنية مكتبة جامعة عجلون الوطنية المجموعات العامة 06/06/2023   Z3471.J67 2015 A22768 06/06/2023 06/06/2023 Books